[Event "LAT-ch"]
[Site "Riga"]
[Date "2014.04.29"]
[Round "1"]
[White "Starcevs, Dmitrijs"]
[Black "Starostits, Ilmars"]
[Result "0-1"]
[WhiteElo "2167"]
[BlackElo "2463"]
[PlyCount "100"]
[EventDate "2014.04.29"]
[EventType "swiss"]
[EventRounds "9"]
[EventCountry "LAT"]
[SourceTitle "CBM 160 Extra"]
[Source "ChessBase"]
[SourceDate "2014.07.01"]
[SourceVersion "1"]
[SourceVersionDate "2014.07.01"]
[SourceQuality "1"]

1. e4 c6 2. d4 d5 3. e5 Bf5 4. Nf3 e6 5. Be2 Nd7 6. 0-0 Ne7 7. c3 Bg6 8. Nbd2 Nf5 9. Nb3 h5 10. Bf4 Be7 11. a4 h4 12. a5 Bh5 13. Ne1 Bxe2 14. Qxe2 h3 15. g3 a6 16. Nd3 Qc7 17. Be3 Rc8 18. Rfc1 c5 19. Nbxc5 Bxc5 20. dxc5 Nxe3 21. Qxe3 Nxc5 22. Nxc5 Qxc5 23. Qxc5 Rxc5 24. Ra4 Rb5 25. Rc2 Ke7 26. f3 Rc8 27. Kf2 Rc4 28. Rxc4 dxc4 29. Re2 Rxa5 30. g4 Rd5 31. Kg3 Rd3 32. Rf2 b5 33. Kxh3 Re3 34. Kg3 Rxe5 35. h4 a5 36. h5 f6 37. f4 Re3+ 38. Kh4 Re1 39. Rh2 e5 40. fxe5 Rxe5 41. Rd2 b4 42. cxb4 axb4 43. Kg3 c3 44. bxc3 bxc3 45. Rc2 Rc5 46. Kf3 Ke6 47. Ke4 Rc4+ 48. Kd3 Rxg4 49. Kxc3 Rh4 50. Re2+ Kf7 0-1

[Event "Wch U18"]
[Site "Al Ain"]
[Date "2013.12.23"]
[Round "9"]
[White "Mindlin, Alon"]
[Black "Starcevs, Dmitrijs"]
[Result "1-0"]
[WhiteElo "2307"]
[BlackElo "2178"]
[PlyCount "107"]
[EventDate "2013.12.18"]
[EventType "swiss"]
[EventRounds "11"]
[EventCountry "UAE"]
[SourceTitle "CBM 158 Extra"]
[Source "ChessBase"]
[SourceDate "2014.02.28"]
[SourceVersion "1"]
[SourceVersionDate "2014.02.28"]
[SourceQuality "1"]

1. c4 Nf6 2. Nc3 d5 3. cxd5 Nxd5 4. g3 g6 5. Bg2 Nb6 6. d3 Bg7 7. Be3 0-0 8. Qd2 Nc6 9. Bh6 Nd4 10. Bxg7 Kxg7 11. Nf3 Nxf3+ 12. Bxf3 e5 13. Qe3 f6 14. 0-0 c6 15. Rfd1 Be6 16. Ne4 Qe7 17. Qc5 Rf7 18. d4 exd4 19. Qxd4 Bd5 20. a4 Kg8 21. a5 Nd7 22. Nc3 Bxf3 23. exf3 Qc5 24. Ne4 Qxd4 25. Rxd4 Ne5 26. Ra3 f5 27. Nd6 Re7 28. Re3 Kf8 29. f4 Nd7 30. Nxb7 a6 31. Rxe7 Kxe7 32. Rd3 c5 33. Re3+ Kf6 34. Rc3 Rc8 35. b4 Rc7 36. bxc5 Rc6 37. Rd3 Ke7 38. Re3+ Kf8 39. Nd8 Rc8 40. Ne6+ Kf7 41. Ng5+ Kg8 42. Ne6 Rc6 43. Nd8 Rxc5 44. Re8+ Kg7 45. Re7+ Kg8 46. Rxd7 Rxa5 47. Ne6 Ra2 48. Rg7+ Kh8 49. Rf7 h6 50. Ra7 a5 51. h4 a4 52. Nf8 a3 53. Nxg6+ Kg8 54. Ne7+ 1-0

[Event "Wch U18"]
[Site "Al Ain"]
[Date "2013.12.23"]
[Round "11"]
[White "Rygg, Snorre"]
[Black "Starcevs, Dmitrijs"]
[Result "0-1"]
[WhiteElo "1838"]
[BlackElo "2178"]
[PlyCount "112"]
[EventDate "2013.12.18"]
[EventType "swiss"]
[EventRounds "11"]
[EventCountry "UAE"]
[SourceTitle "CBM 158 Extra"]
[Source "ChessBase"]
[SourceDate "2014.02.28"]
[SourceVersion "1"]
[SourceVersionDate "2014.02.28"]
[SourceQuality "1"]

1. c4 Nf6 2. d4 g6 3. Nc3 d5 4. Nf3 Bg7 5. Bg5 Ne4 6. cxd5 Nxg5 7. Nxg5 e6 8. Nf3 exd5 9. e3 0-0 10. Bd3 c6 11. h4 Bg4 12. Qc2 Nd7 13. 0-0-0 b5 14. h5 a5 15. hxg6 hxg6 16. Rdg1 b4 17. Na4 c5 18. dxc5 Qf6 19. Nd4 Rfc8 20. Kb1 Nxc5 21. Nxc5 Bf8 22. f3 Bxc5 23. Qf2 Bd7 24. Qh4 Qxh4 25. Rxh4 Be7 26. Rhh1 Bg5 27. f4 Bf6 28. Rc1 Re8 29. Rhe1 Bh4 30. Re2 Rec8 31. Nf3 Bf6 32. Rec2 Re8 33. Re2 a4 34. Rc5 a3 35. b3 Be6 36. Nd4 Bg4 37. Nf3 Rad8 38. Kc2 Bb2 39. Kd1 Kg7 40. Ke1 Bc3+ 41. Kf2 Re7 42. Kg3 Bh5 43. Kf2 f6 44. Rc2 Bg4 45. Re2 g5 46. f5 Bh5 47. Rc2 g4 48. Nd4 g3+ 49. Kg1 Rxe3 50. Ne6+ Kh6 51. Bf1 Re1 52. Rc7 Re8 53. R7xc3 bxc3 54. Rxc3 Be2 55. Rxg3 Rxf1+ 56. Kh2 Rxf5 0-1

[Event "Wch U18"]
[Site "Al Ain"]
[Date "2013.12.22"]
[Round "6"]
[White "Starcevs, Dmitrijs"]
[Black "Horvath, David G"]
[Result "1-0"]
[WhiteElo "2178"]
[BlackElo "2351"]
[PlyCount "75"]
[EventDate "2013.12.18"]
[EventType "swiss"]
[EventRounds "11"]
[EventCountry "UAE"]
[SourceTitle "CBM 158 Extra"]
[Source "ChessBase"]
[SourceDate "2014.02.28"]
[SourceVersion "1"]
[SourceVersionDate "2014.02.28"]
[SourceQuality "1"]

1. e4 e6 2. d4 d5 3. Nc3 Nf6 4. e5 Nfd7 5. f4 c5 6. Nf3 Nc6 7. Be3 Be7 8. Qd2 0-0 9. dxc5 Bxc5 10. 0-0-0 Qb6 11. Bxc5 Nxc5 12. Kb1 Rd8 13. Nd4 Ne4 14. Qe3 Nxc3+ 15. Qxc3 Bd7 16. h4 Rac8 17. Qe3 Nxd4 18. Qxd4 Qa5 19. h5 h6 20. g4 Bb5 21. g5 Bxf1 22. Rhxf1 Qc5 23. Qd2 hxg5 24. fxg5 d4 25. Qh2 d3 26. c3 Qe3 27. h6 Qe2 28. Qf4 Qh5 29. hxg7 Qg6 30. Rd2 Qxg7 31. Qf6 Rd5 32. Re1 Rcc5 33. Rh1 Qxf6 34. gxf6 Rxe5 35. Rdh2 Rh5 36. Rxh5 Rxh5 37. Rxh5 d2 38. Kc2 1-0

[Event "Wch U18"]
[Site "Al Ain"]
[Date "2013.12.21"]
[Round "4"]
[White "Starcevs, Dmitrijs"]
[Black "Thing, Bibek"]
[Result "1-0"]
[WhiteElo "2178"]
[BlackElo "1902"]
[PlyCount "61"]
[EventDate "2013.12.18"]
[EventType "swiss"]
[EventRounds "11"]
[EventCountry "UAE"]
[SourceTitle "CBM 158 Extra"]
[Source "ChessBase"]
[SourceDate "2014.02.28"]
[SourceVersion "1"]
[SourceVersionDate "2014.02.28"]
[SourceQuality "1"]

1. e4 c5 2. Nf3 d6 3. d4 cxd4 4. Nxd4 Nf6 5. Nc3 a6 6. Be3 e6 7. g4 h6 8. h3 b5 9. Bg2 Bb7 10. a3 Qc7 11. f4 Nc6 12. g5 Nxd4 13. Bxd4 Ng8 14. Qg4 hxg5 15. Qxg5 Nf6 16. 0-0-0 Be7 17. Qg3 0-0-0 18. Qe3 Nd7 19. Qg3 e5 20. Be3 exf4 21. Bxf4 Ne5 22. Nd5 Bxd5 23. Rxd5 Bf6 24. Bg5 Bxg5+ 25. Qxg5 Qc4 26. Kb1 Rh6 27. h4 Rg6 28. Bh3+ Nd7 29. Qe7 b4 30. axb4 Qxb4 31. Rd3 1-0

[Event "Viljandi Raud Memorial 47th"]
[Site "Viljandi"]
[Date "2013.07.04"]
[Round "5"]
[White "Sriram, Jha"]
[Black "Starcevs, Dmitrijs"]
[Result "1-0"]
[WhiteElo "2437"]
[BlackElo "2139"]
[PlyCount "95"]
[EventDate "2013.07.01"]
[EventType "swiss"]
[EventRounds "9"]
[EventCountry "EST"]
[SourceTitle "CBM 155 Extra"]
[Source "ChessBase"]
[SourceDate "2013.08.26"]
[SourceVersion "1"]
[SourceVersionDate "2013.08.26"]
[SourceQuality "1"]

1. c4 Nf6 2. Nc3 d5 3. cxd5 Nxd5 4. g3 Nb6 5. Bg2 g6 6. d3 Bg7 7. Be3 h6 8. Qd2 Nc6 9. Rc1 Nd4 10. Bxd4 Bxd4 11. Nb5 c6 12. Nxd4 Qxd4 13. Nf3 Qg7 14. 0-0 0-0 15. Qb4 Qf6 16. a4 Nd5 17. Qd2 Kh7 18. a5 e5 19. Rc4 Kg7 20. Re4 Re8 21. d4 Bf5 22. Rxe5 Be4 23. Re1 Rad8 24. Rxe8 Rxe8 25. Ne5 Bxg2 26. Kxg2 Rd8 27. h4 h5 28. Nf3 a6 29. e3 Nc7 30. Qb4 Nb5 31. Ng5 Rd5 32. Qb3 Qe7 33. Ra1 f6 34. Nh3 g5 35. Qd1 Qe4+ 36. Kh2 gxh4 37. Qg1 Kh6 38. gxh4 Qxh4 39. Qg8 Rg5 40. Qh8+ Kg6 41. Qb8 Kh6 42. Rc1 Kh7 43. Qxb7+ Rg7 44. Qxc6 Rc7 45. Qh1 Re7 46. Rc6 Nc7 47. Qb1+ Kg7 48. Qf5 1-0

[Event "LAT-ch"]
[Site "Riga"]
[Date "2013.04.13"]
[Round "1"]
[White "Starcevs, Dmitrijs"]
[Black "Berzinsh, Roland"]
[Result "1/2-1/2"]
[WhiteElo "2123"]
[BlackElo "2411"]
[PlyCount "71"]
[EventDate "2013.04.13"]
[EventType "swiss"]
[EventRounds "9"]
[EventCountry "LAT"]
[SourceTitle "CBM 154 Extra"]
[Source "ChessBase"]
[SourceDate "2013.06.25"]
[SourceVersion "2"]
[SourceVersionDate "2013.06.25"]
[SourceQuality "1"]

1. e4 c5 2. Nf3 b6 3. c4 Bb7 4. Nc3 e6 5. d4 cxd4 6. Nxd4 Nc6 7. Be2 Nf6 8. 0-0 Qb8 9. Be3 Bd6 10. g3 Nxd4 11. Qxd4 Be5 12. Qd3 Bxc3 13. Qxc3 Bxe4 14. Bf4 d6 15. Rad1 e5 16. Bg5 Nd7 17. Rfe1 h6 18. Bg4 Bc6 19. Bf4 f6 20. Qd3 Ke7 21. b4 Nf8 22. c5 bxc5 23. bxc5 d5 24. Bf3 Ne6 25. Bxd5 Bxd5 26. Qxd5 Rd8 27. Qc4 Rxd1 28. Rxd1 exf4 29. c6 Qe5 30. Qb4+ Ke8 31. Re1 Qd5 32. Qb7 Rd8 33. Qxg7 Qxc6 34. Qg8+ Ke7 35. Qg7+ Ke8 36. Qg8+ 1/2-1/2

[Event "Baltija Cup op-A"]
[Site "Palanga"]
[Date "2011.06.22"]
[Round "7"]
[White "Starcevs, Dmitrijs"]
[Black "Plunge, Gintautas Jurgis"]
[Result "1-0"]
[WhiteElo "1840"]
[BlackElo "2068"]
[PlyCount "51"]
[EventDate "2011.06.19"]
[EventType "swiss"]
[EventRounds "8"]
[EventCountry "LTU"]
[SourceTitle "EXT 2012"]
[Source "ChessBase"]
[SourceDate "2011.11.24"]
[SourceVersion "1"]
[SourceVersionDate "2011.11.24"]
[SourceQuality "1"]

1. e4 c5 2. Nc3 Nc6 3. d3 g6 4. g3 Bg7 5. Bg2 d6 6. f4 e6 7. Nf3 Nge7 8. 0-0 0-0 9. Be3 Nd4 10. Rb1 Nec6 11. Ne2 Qa5 12. a3 Rb8 13. c3 Nxf3+ 14. Bxf3 Bd7 15. d4 cxd4 16. Nxd4 Rfd8 17. b4 Qxa3 18. Nb5 Qa2 19. Qd3 Ne7 20. Nxd6 e5 21. Ra1 Qe6 22. f5 Bb5 23. Qxb5 Qxd6 24. Bc5 Qd7 25. Qxd7 Rxd7 26. f6 1-0

[Event "Baltija Cup op-A"]
[Site "Palanga"]
[Date "2011.06.21"]
[Round "4"]
[White "Starcevs, Dmitrijs"]
[Black "Kasparavicius, Laimutis"]
[Result "1/2-1/2"]
[WhiteElo "1840"]
[BlackElo "2113"]
[PlyCount "157"]
[EventDate "2011.06.19"]
[EventType "swiss"]
[EventRounds "8"]
[EventCountry "LTU"]
[SourceTitle "EXT 2012"]
[Source "ChessBase"]
[SourceDate "2011.11.24"]
[SourceVersion "1"]
[SourceVersionDate "2011.11.24"]
[SourceQuality "1"]

1. d4 d6 2. e4 Nf6 3. Nc3 c6 4. Bc4 Qa5 5. f3 e5 6. Nge2 Be7 7. 0-0 0-0 8. Be3 b5 9. Bb3 b4 10. Nb1 Ba6 11. Nd2 exd4 12. Bxd4 d5 13. exd5 cxd5 14. Re1 Bc5 15. Bxc5 Qxc5+ 16. Kh1 Nc6 17. Ba4 Ne5 18. Nb3 Qd6 19. Ng3 Bc8 20. Qd4 Nc4 21. Bb5 Nb6 22. Nc5 Be6 23. Qxb4 Rfc8 24. Nd3 Qxb4 25. Nxb4 Rc5 26. a4 a5 27. Nc6 Rxc2 28. b4 axb4 29. Nxb4 Rb2 30. Nd3 Rd2 31. Nf1 Rc2 32. a5 Nc4 33. a6 Ra7 34. Nb4 Rb2 35. Nc6 Ra8 36. Bxc4 dxc4 37. a7 c3 38. Red1 Nd5 39. h3 Rb6 40. Rxd5 Bxd5 41. Ne7+ Kf8 42. Nxd5 Rb7 43. Nxc3 Rbxa7 44. Rxa7 Rxa7 45. Kh2 Ra1 46. Ne3 Ra3 47. Ncd5 Rd3 48. Kg3 Ke8 49. Kf4 Kd7 50. Ke4 Rd2 51. h4 Ke6 52. Nf4+ Ke7 53. g4 Ra2 54. Nf5+ Kf8 55. Nd5 Ra4+ 56. Kd3 Ra3+ 57. Ke2 Ra5 58. Nc3 Ra3 59. Ne4 Ra5 60. h5 h6 61. Ke3 Ra3+ 62. Kf4 Ra5 63. Nf2 Ra2 64. Nd3 Ra4+ 65. Ke3 Ra5 66. f4 Kg8 67. Ne5 Ra3+ 68. Ke4 Ra6 69. Ne7+ Kf8 70. Nd5 Ra4+ 71. Kf5 Ra5 72. Ke4 Ra4+ 73. Kf3 Ra5 74. Ne3 Kg8 75. N5c4 Ra6 76. Nd2 Ra2 77. Ne4 Ra5 78. f5 f6 79. Nf2 1/2-1/2

[Event "Baltija Cup op-A"]
[Site "Palanga"]
[Date "2011.06.20"]
[Round "3"]
[White "Borisovs, Leonids"]
[Black "Starcevs, Dmitrijs"]
[Result "1/2-1/2"]
[WhiteElo "2046"]
[BlackElo "1840"]
[PlyCount "35"]
[EventDate "2011.06.19"]
[EventType "swiss"]
[EventRounds "8"]
[EventCountry "LTU"]
[SourceTitle "EXT 2012"]
[Source "ChessBase"]
[SourceDate "2011.11.24"]
[SourceVersion "1"]
[SourceVersionDate "2011.11.24"]
[SourceQuality "1"]

1. e4 c5 2. Nf3 Nc6 3. d4 cxd4 4. Nxd4 Nf6 5. Nc3 e6 6. Ndb5 Bb4 7. a3 Bxc3+ 8. Nxc3 d5 9. exd5 exd5 10. Bg5 d4 11. Qe2+ Be6 12. 0-0-0 Qa5 13. Bxf6 gxf6 14. Ne4 0-0-0 15. Qb5 Qc7 16. g3 Rd5 17. Qe2 Rhd8 18. Kb1 1/2-1/2

[Event "Baltija Cup op-A"]
[Site "Palanga"]
[Date "2011.06.19"]
[Round "1"]
[White "Zickus, Simonas"]
[Black "Starcevs, Dmitrijs"]
[Result "1-0"]
[WhiteElo "2316"]
[BlackElo "1840"]
[PlyCount "49"]
[EventDate "2011.06.19"]
[EventType "swiss"]
[EventRounds "8"]
[EventCountry "LTU"]
[SourceTitle "EXT 2012"]
[Source "ChessBase"]
[SourceDate "2011.11.24"]
[SourceVersion "1"]
[SourceVersionDate "2011.11.24"]
[SourceQuality "1"]

1. Nf3 Nf6 2. g3 g6 3. Bg2 Bg7 4. 0-0 0-0 5. c4 d5 6. d4 c6 7. cxd5 Nxd5 8. h3 Nd7 9. e4 N5b6 10. Qe2 e5 11. Rd1 exd4 12. Nxd4 Qe7 13. Nc3 Nc5 14. Be3 Bd7 15. Rac1 Rad8 16. f4 Bc8 17. Qf2 Ne6 18. Nb3 Rxd1+ 19. Rxd1 Rd8 20. Rf1 Nc4 21. Bxa7 Qb4 22. f5 Nxb2 23. fxe6 Qxc3 24. Qxf7+ Kh8 25. e7 1-0